Daň z nehnuteľností - rok 2018

Od roku 1993 sa daňou z nehnuteľností zdaňujú pozemky a stavby, od roku 1998 aj byty a nebytové priestory. Problematika zdaňovania pozemkov, stavieb a bytov bola do konca roka 2004 upravená zákonom č. 317/1992 Zb. o dani z nehnuteľností a od roku 2005 sa nehnuteľnosti zdaňujú podľa zákona č. 582/200...

Full description

Saved in:
Bibliographic Details
Main Author: Bubeníková, Irena
Format: Book Chapter
Language:Slovak
Subjects:
Tags: Add Tag
No Tags, Be the first to tag this record!

MARC

LEADER 00000naa a2200000 4500
001 0243818
005 20180604092158.0
041 0 |a slo 
044 |a SK 
245 1 0 |a Daň z nehnuteľností - rok 2018  |c Irena Bubeníková 
520 |a Od roku 1993 sa daňou z nehnuteľností zdaňujú pozemky a stavby, od roku 1998 aj byty a nebytové priestory. Problematika zdaňovania pozemkov, stavieb a bytov bola do konca roka 2004 upravená zákonom č. 317/1992 Zb. o dani z nehnuteľností a od roku 2005 sa nehnuteľnosti zdaňujú podľa zákona č. 582/2004 Z. z. o miestnych daniach a miestom poplatku za komunálne odpady. Akým spôsobom sa platí daň z nehnuteľností v roku 2018. 
610 2 0 |a dane z nehnuteľností 
610 2 0 |a stavby 
610 2 0 |a pozemky 
610 2 0 |a byty 
610 2 0 |a dane miestne 
610 2 0 |a legislatíva 
610 2 0 |a zákony 
610 2 0 |a daňovníci 
610 2 0 |a správa daňová 
610 2 0 |a zdaňovanie 
610 2 0 |a priznania daňové 
100 1 |a Bubeníková, Irena